000 01431nam a2200325 i 4500
001 88920
003 ES-MaACL
005 20250620063018.0
007 t|
008 041228s1991 xxk ||||1| eng d
020 _a0-300-05151-4
080 _a76 Rembrandt Harmenszoon van Rijn
100 0 _aRembrandt Harmenszoon van Rijn,
_d1606-1669
_996120
245 1 0 _aRembrandt: the master & his workshop.
_n, . 2,
_pDrawings & etchings /
_cHolm Bevers, Peter Schatborn, Barbara Welzel.
260 _aLondon :
_bYale University Press :
_bNational Gallery Publications,
_c[1991]
300 _a288 p. :
_bil. col. y n. ;
_c29 cm.
500 _aExposición: Kupferstichkabinett SMPK at the Altes Museum, Berlin 12 September 1991-27 October 1991 ; Rijksmuseum, Amsterdam, 4 December 1991- 19 January 1992 ; The National Gallery, London, 26 March 1992 -24 May 1992.
504 _aBibliografía.
600 0 4 _aRembrandt Harmenszoon van Rijn,
_d1606-1669-
_vExposiciones
_996121
655 7 _2tgfbne
_9193628
_aCatálogos de exposiciones
700 1 _aBevers, Holm.
_928716
700 1 _aSchatborn, Peter.
_9104244
700 1 _aWelzel, Barbara.
_9116473
710 2 _aStaatliche Museen Preussischer Kulturbesitz. Kupferstichkabinett.
_96887
710 2 _aRijksmuseum (Amsterdam)
_96450
710 2 _aNational Gallery (Londres)
_95970
852 _aES-MaACL
_jE-10749
_bR.134939
942 _2udc
999 _c88920
_d88920